Statistics for U.S. Cities with the Highest Suburb Population Percentage

Click here to take the quiz!

General Stats

  • This quiz has been taken 177 times
    (110 since last reset)
  • The average score is 11 of 20

Answer Stats

%Suburb Pop.City% Correct
92.75,635,281Miami
92%
86.74,485,214Washington
91%
90.04,500,544Atlanta
88%
84.63,706,362Boston
85%
86.22,398,086Tampa
85%
83.13,137,779Detroit
82%
83.41,546,323Orlando
81%
86.01,854,745St. Louis
80%
85.22,484,912Minneapolis
76%
82.61,442,068Pittsburgh
66%
83.1978,810Salt Lake City
61%
85.21,094,872Providence
48%
87.6856,104Hartford
46%
86.21,961,705Riverside
37%
83.8767,754Bridgeport
30%
83.3493,918Albany
26%
81.8637,343McAllen
15%
85.7521,536Ogden
13%
92.3723,377Bradenton
2%
85.5553,190Mission Viejo
1%

Score Distribution

Percentile by Number Answered

Percent of People with Each Score

Your Score History

You have not taken this quiz since the last reset